Ortschaften des Kantons Glarus - Statistiken

Allgemein
  • Dieses Quiz wurde 228 mal gespielt
  • Das Durchschnittsergebnis liegt bei 18 aus 31
Antworten auf der Karte
Die Antworten werden auf der Karte rot bzw. grün angezeigt, abhängig davon wie oft sie richtig erraten wurden.
 
Antwortstatistiken
Einwohner Ortschaft % Korrekt
6'221 Glarus
97%
605 Elm
88%
1'008 Linthal
81%
4'975 Näfels
76%
4'197 Mollis
74%
2'582 Schwanden
74%
39 Klöntal
72%
250 Braunwald
69%
3'887 Niederurnen
68%
2'064 Oberurnen
67%
475 Ziegelbrücke
67%
2'695 Ennenda
64%
2'543 Bilten
63%
3'091 Netstal
60%
280 Matt
56%
1'018 Mitlödi
55%
617 Engi
53%
451 Mühlehorn
52%
590 Luchsingen
51%
441 Schwändi bei Schwanden
49%
384 Rüti
48%
256 Sool
48%
674 Riedern
47%
612 Haslen
43%
305 Hätzingen
43%
263 Nidfurn
43%
195 Betschwanden
42%
553 Filzbach
42%
501 Obstalden
41%
197 Diesbach
40%
149 Leuggelbach
39%
Keine übereinstimmenden Quizze gefunden
Verteilung der Resultate
Anzahl Personen mit jedem Resultat
Perzentil nach korrekt beantworteten Fragen
Ihre Resultats-Entwicklung
Sie haben dieses Quiz noch nicht gespielt